Statistics for Italy national soccer team ( current squad )

Click here to take the quiz!

General Stats

  • This quiz has been taken 73 times
  • The average score is 10 of 45

Answer Stats

PositionClubAnswer% Correct
GoalkeeperMilanGianluigi Donnarumma
85%
DefenderJuventusGiorgio Chiellini
71%
DefenderJuventusLeonardo Bonucci
69%
ForwardLazioCiro Immobile
61%
ForwardNapoliLorenzo Insigne
58%
MidfielderInternazionaleNicolo Barella
55%
MidfielderChelseaJorginho
53%
ForwardFiorentinaFederico Chiesa
52%
MidfielderParis Saint-GermainMarco Verratti
45%
GoalkeeperTorinoSalvatore Sirigu
26%
GoalkeeperNapoliAlex Meret
24%
DefenderChelseaEmerson Palmieri
24%
DefenderRomaLeonardo Spinazzola
24%
ForwardEvertonMoise Kean
21%
DefenderValenciaAlessandro Florenzi
19%
ForwardTorinoAndrea Belotti
19%
ForwardSampdoriaFabio Quagliarella
19%
MidfielderBresciaSandro Tonali
18%
DefenderMilanAlessio Romagnoli
16%
MidfielderRomaLorenzo Pellegrini
16%
ForwardFreiburgVincenzo Grifo
16%
GoalkeeperCagliariAlessio Cragno
15%
MidfielderRomaNicolo Zaniolo
15%
GoalkeeperAtalantaPierluigi Gollini
15%
ForwardShanghai ShenhuaStephan El Shaarawy
15%
GoalkeeperRomaAntonio Mirante
11%
ForwardSassuoloDomenico Berardi
11%
ForwardJuventusFederico Bernardeschi
11%
DefenderLazioFrancesco Acerbi
11%
DefenderJuventusMattia De Sciglio
11%
MidfielderRomaBryan Cristante
10%
DefenderNapoliGiovanni Di Lorenzo
10%
ForwardNapoliMatteo Politano
8%
MidfielderInternazionaleStefano Sensi
8%
DefenderTorinoArmando Izzo
6%
DefenderInternazionaleDanilo D'Ambrosio
5%
MidfielderFiorentinaGaetano Castrovilli
5%
DefenderRomaGianluca Mancini
5%
ForwardBolognaRiccardo Orsolini
5%
MidfielderUdineseRolando Mandragora
5%
ForwardUdineseKevin Lasagna
3%
ForwardCagliariLeonardo Pavoletti
3%
DefenderCagliariLuca Pellegrini
3%
DefenderBresciaAndrea Cistana
2%
DefenderInternazionaleCristiano Biraghi
2%

Score Distribution

Percentile by Number Answered

Percent of People with Each Score

Your Score History

You have not taken this quiz